000 01171cam a22003257a 4500
003 CHAP
005 20220329140016.0
008 971013s1973 r 00010 d
010 _a45453
011 _a46425
035 _a50566
040 _cCHAP
082 _a664.8
_bT4Y
100 0 0 _aThatcher, F. S.
_9112611
245 0 _aAnálisis microbiológico de los alimentos
260 _aZaragoza :
_bAcribia,
_c1973
300 _a271 p.
590 _aBATCH-UPD
_b10
_c20130110
_lUCH01
_h0225
590 _aBATCH-UPD
_b10
_c20130110
_lUCH01
_h1445
590 _aBATCH-UPD
_b10
_c20130409
_lUCH01
_h2246
590 _aBATCH-UPD
_b10
_c20130914
_lUCH01
_h0136
590 _aCONVERSION
_b10
_c20130109
_lUCH01
_h1325
650 1 4 _aAlimentos
_xBacteriología.
_94171
700 0 _aClark, D. G.
_923607
901 _aBK
942 _cLIBRO
949 _a664.8 T4Y
_bBC
_cLIBRO
_d33724000100475
_eLIBRO
_fc.5
_h45780
_i50566
_si
949 _a664.8 T4Y
_bBC
_cLIBRO
_d33724000100483
_eLIBRO
_fc.4
_h45276
_i50566
_si
949 _a664.8 T4Y
_bBC
_cLIBRO
_d33724000902433
_eLIBRO
_fSus.
_h34341
_i50566
_mPerdido y sustituido por: Badui Dergal, Salvador. QuŁmica de los Alimentos. 543.1083 B3 1993 c.5
_sm
999 _c45453
_d45453